000
00275nam a22001097a 4500
082
_a
621.389324 SAM'H
100
_a
HOWARD, W. SAMS
_9
5628
245
_a
SAMS PHOTFACT TAPE RECORDER SERIES
250
_a
VOL-27, 29, 32
260
_a
INDIANA
_b
HOWARD W. SAMS
_c
1966
942
_c
BK
999
_c
584894
_d
584894